Football - Les Entraîneurs de la Saison 2024/2025 - Statistiques

Statistiques générales
  • Ce quiz a été pris 437 fois
    242 depuis la dernière actualisation
  • Le résultat moyen est 20 sur 30
Statistiques - réponses
Clubs / Sélections Nationalité Entraîneurs % Correct
Manchester City Espagne Pep Guardiola
96%
Arsenal Espagne Mikel Arteta
95%
Real Madrid Italie Carlo Ancelotti
92%
Aston Villa Espagne Unai Emery
90%
Paris Saint-Germain Espagne Luis Enrique
87%
Bayern Munich Belgique Vincent Kompany
87%
Atlético Madrid Argentine Diego Simeone
86%
Olympique de Marseille Italie Roberto De Zerbi
86%
FC Barcelone Allemagne Hansi Flick
85%
Bayer Leverkusen Espagne Xabi Alonso
83%
Manchester United Pays-Bas Erik Ten Hag
82%
Liverpool Pays-Bas Arne Slot
76%
Inter Milan Italie Simone Inzaghi
68%
RC Lens Belgique Will Still
68%
Olympique Lyonnais France Pierre Sage
66%
Juventus Italie Thiago Motta
66%
AS Monaco Allemagne Adi Hütter
62%
Chelsea Italie Enzo Maresca
57%
Stade Brestois France Éric Roy
57%
Portugal Belgique Roberto Martínez
56%
OGC Nice France Franck Haise
55%
Allemagne Allemagne Julian Nagelsmann
51%
Pays-Bas Pays-Bas Ronald Koeman
51%
Espagne Espagne Luis de la Fuente
47%
Tottenham Grèce Ange Postecoglou
46%
Argentine Argentine Lionel Scaloni
46%
Maroc Maroc Walid Regragui
45%
Gérone Espagne Míchel
30%
Borussia Dortmund Allemagne Nuri Sahin
28%
AC Milan Italie Paulo Fonseca
27%
Aucun quiz correspondant
Distribution des résultats
% des personnes avec chaque résultat
Percentile par nombre de réponses
Votre historique - résultats
Vous n’avez pas pris ce quiz depuis la dernière actualisation